Un modelo de análisis monetario y de programación financiera

Gespeichert in:
Bibliographische Detailangaben
1. Verfasser: Brovedani, Bruno (VerfasserIn)
Format: Buch
Sprache:Spanisch
Veröffentlicht: Ciudad de México CEMLA 1969
Schlagworte:
Tags: Tag hinzufügen
Keine Tags, Fügen Sie den ersten Tag hinzu!

MARC

LEADER 00000nam a2200000 a 4500
001 UCT8056
003 CL-VaPUC
008 970317e19690000MX |||||||||||||||||spa|d
082 0 4 |a 332.41  |b BRO  |2 21 
100 0 |a Brovedani, Bruno  |e author  |9 379518 
245 1 3 |a Un modelo de análisis monetario y de programación financiera 
300 |a 254 p 
942 |c BK 
945 |d 19970317 00:00:00  |a paguirre 
260 |a Ciudad de México  |b CEMLA  |c 1969 
650 0 |a Moneda  |9 342365 
650 0 |a Mercado monetario  |9 358831 
650 7 |a DEFLACION  |2 CL-VaPUC  |9 379519 
650 0 |a Inflación   |9 257218 
650 7 |a BANCOS CENTRALES  |2 CL-VaPUC  |9 325759 
650 0 |a Política monetaria  |9 258279 
583 |a last modification  |c 19970317 00:00:00  |k Rodrigo Vera 
999 |c 256591  |d 256589 
952 |0 0  |1 0  |4 0  |6 332_410000000000000_BRO_1969  |7 0  |8 P  |9 279394  |a BIBDER  |b BIBDER  |d 2019-11-19  |i 1812319  |o 332.41 BRO 1969  |p 1812319  |r 2023-01-25  |w 2019-11-19  |y BK  |k DER